Nutrición infantil en países en desarrollo : manual para trabajadores especializados /
Uloženo v:
| Hlavní autor: | |
|---|---|
| Médium: | Kniha |
| Jazyk: | španělština |
| Vydáno: |
México :
Limusa,
1972, c1972
|
| Vydání: | 2a edición |
| Témata: | |
| Tagy: |
Žádné tagy, Buďte první, kdo vytvoří štítek k tomuto záznamu!
|
MARC
| LEADER | 00000nam^a2200000^a^4500 | ||
|---|---|---|---|
| 001 | 000015021 | ||
| 005 | 20250521000000.0 | ||
| 009 | 20260310084003.929 | ||
| 020 | |a 968-18-0353-1 | ||
| 037 | |a Acervo ITESO - Biblioteca | ||
| 041 | |a ESP | ||
| 082 | |a 641. 5622 |b JEL | ||
| 100 | |a Jeliffe, Derrick B. |e (autor) | ||
| 245 | 1 | 0 | |a Nutrición infantil en países en desarrollo : |b manual para trabajadores especializados / |c D.B. Jeliffe |
| 250 | |a 2a edición | ||
| 264 | 4 | |a México : |b Limusa, |c 1972, c1972 | |
| 300 | |a 263 p. | ||
| 336 | |a texto |b txt |2 rdacontenido | ||
| 337 | |a sin mediación |b n |2 rdamedio | ||
| 338 | |a volumen |b nc |2 rdasoporte | ||
| 649 | |a XX | ||
| 650 | |a Niños - |x Cuidado e Higiene | ||
| 650 | |a Niños - |x Nutrición - |x Tema Principal | ||
| 650 | |a Nutrición | ||
| 910 | |a Fondo General | ||
| 920 | |a Impresos - Libros | ||
| 930 | |a Colección General | ||
| 905 | |a 101 | ||
| 901 | |a 0150210100 |b IT1 |c ACC |i 015021 |u 20250521 | ||
| 902 | |a https://opac.biblio.iteso.mx/vufind/Record/000015021 | ||